000 02030cam a2200229 4500
001 6201
010 _a 2009053544
020 _a9781844077427 (pbk.)
100 _aUbels, Jan.
_b
_c
_d
_e
_q
245 0 0 _aCapacity development in practice /
_cedited by Jan Ubels, Naa-Aku Acquaye-Baddoo and Alan Fowler.
260 _aLondon ;
_aWashington, DC :
_bEarthscan,
_c2010.
300 _axxii, 338 p. :
_bill. ;
_c25 cm.
504 _aIncludes bibliographical references and index.
505 0 _aMultiple dimensions / Alan Fowler, Jan Ubels -- Multiple actors / Jim Woodhill -- Multiple levels / Hendrik Visser -- Advisor's roles / Douglas Champion, David Kiel, Jean McLendon -- Thematic and change expertise / Naa-Aku Acquaye-Baddoo -- Ownership, authority and conflict / Joe McMahon -- Whose values count? / Rajesh Tandon -- Organization development as a source / Ingrid Richter -- 'Reading' situations / Catherine Collingwood -- Dialogue / Marianne Bjer -- Institutions, power and politics / Niels Boeson -- Public accountability / Rakesh Rajani -- The micro-macro gap / Jan Ubels, Rinus van Klinken, Hendrik Visser -- Working with value chains / Duncan Mwesige -- Engaging with community-based organizations / Schirin Yachkaschi -- Leadership development / Brigitte Dia and Jan Willem Eggink -- Knowledge networking / Geoff Parcell -- Measuring capacity development / David Watson -- Time matters / Heinz Greijn and Alan Fowler -- Self-reflection / Bruce Britton -- Accountability and learning / Irene Guijt -- Taking stock / Jan Ubels, Alan Fowler, Naa-Aku Acaquaye Baddoo -- A capacity development market? / Jan Ubels -- Becoming professional / Naa-Aku Acquaye Baddoo, Jan Ubels, Alan Fowler.
650 0 _aEconomic assistance
_zDeveloping countries.
650 0 _aEconomic development
_zDeveloping countries.
650 0 _aInstitution building
_zDeveloping countries.
650 0 _aTechnical assistance
_zDeveloping countries.
700 1 _aAcquaye-Baddoo, Naa-Aku.
700 1 _aFowler, Alan,
_d1947-
700 1 _aUbels, Jan,
_d1956-
999 _c5240
_d5240